| 000 | 00933nam a2200265 a 4500 | ||
|---|---|---|---|
| 001 | 13426 | ||
| 003 | BD-RjUL | ||
| 005 | 20211208235443.0 | ||
| 008 | 140201s1964 enkad b 001 0 eng | ||
| 035 | _a(BD-RjUL)13477 | ||
| 035 | _a(OCoLC)2086968 | ||
| 040 |
_aDLC _cOClU _dOCoLC _dBD-RjUL _dDLC _beng |
||
| 041 | _aeng | ||
| 082 |
_a621.38151082 _bTRA 1964 _223 |
||
| 245 | 0 | 0 |
_aTransistor electronics in instrument technology / _cEdited by N. I. Chistyakov ; Translated by G. R. Kiss. |
| 260 |
_aOxford ; _aNew York : _bPergamon Press, _c1964. |
||
| 300 |
_ax, 378 p. : _bill. ; _c23 cm. |
||
| 500 | _aProceedings of a conference organized in Moscow in December 1956 by the Scientific and Technical Society. | ||
| 504 | _aIncludes bibliographies and index. | ||
| 650 | 0 |
_aTransistors _941866 |
|
| 650 | 0 |
_aElectronic circuits _938587 |
|
| 700 |
_aChistyakov, N. I. _942771 |
||
| 942 |
_2ddc _cBK |
||
| 999 |
_c13426 _d13426 |
||